|
|
|
|
| LEADER |
00000nam a22000007i 4500 |
| 001 |
IT\ICCU\RAV\2045956 |
| 003 |
ItRI |
| 005 |
20260115232157.0 |
| 008 |
160811s2016 it |||||| ||||| |||||c |
| 020 |
|
|
|a 9788891618429
|
| 040 |
|
|
|b ita
|c importazione bologna sebina
|
| 041 |
|
7 |
|a ita
|2 ISO-639-2
|
| 082 |
|
|
|a 346.450167102632
|9 DIRITTO PRIVATO. CONVIVENZA, UNIONE CIVILE; COMMON-LAW MARRIAGE. ITALIA. SINGOLE LEGGI E RACCOLTE DI LEGGI
|2 23
|
| 100 |
1 |
|
|a Cianciolo, Valeria
|0 IT\ICCU\RAVV\685801
|
| 240 |
1 |
0 |
|a Unioni civili e convivenze
|3 IT\ICCU\SBN\0124927
|9 Cianciolo, Valeria
|
| 245 |
1 |
0 |
|a Unioni civili e convivenze :
|b guida commentata alla legge 20 maggio 2016, n. 76 : in vigore dal 5 giugno 2016 /
|c Valeria Cianciolo.
|
| 260 |
|
|
|a Santarcangelo di Romagna :
|b Maggioli,
|c ©2016
|
| 300 |
|
|
|a 107 p. ;
|c 24 cm
|
| 650 |
|
7 |
|a Unioni civili
|x Legislazione [:] Italia . Legge 20 maggio 2016, n. 76
|2 nsbncf
|
| 830 |
|
0 |
|a Easy
|0 IT\ICCU\RAV\2045948
|
| 942 |
|
|
|2 ddc
|c BK
|n 0
|
| 952 |
|
|
|0 0
|1 0
|4 0
|6 DOC_346_450000000000000_CIA
|7 0
|9 21452
|a BO
|b BO
|d 2026-01-15
|i 18442
|l 0
|o DOC 346.450 CIA
|p BO18442
|r 2026-01-15 23:21:57
|w 2026-01-15
|x [Sebina 5] [1 v.]
|y BK
|z 1 v.
|
| 999 |
|
|
|c 18312
|d 18312
|